000 00589 a2200217 4500
041 _aEng
082 _a530.12
_bJ248c
100 _aJammer, Max
_921804
245 _aThe conceptual development of quantum mechanics
260 _aNew York
_bMcGraw Hill
_c1966
300 _axii, 399p.
504 _aBibliographical footnotes
518 _a2068-1-13
650 _aClassical physics
_921984
650 _aWave mechanics
_97867
650 _aEnergy
_9590
650 _aRadiation
_93898
650 _aMatrix Mechanics
_921985
653 _aQuantum theory
942 _2ddc
_cGEN
999 _c60384
_d60372